000
00249nam a22001097a 4500
999
_c
168044
_d
168044
082
_a
_b
100
_a
Ranjan Trivedi
245
_a
Chinthan ki arthavartha/
_c
by Ranjan Trivedi.
260
_a
New Delhi:
_b
Vikas,
_c
2001.
650
_a
942
_c
BK